| 000 | 01608nam a22002777a 4500 | ||
|---|---|---|---|
| 999 |
_c27991 _d27962 |
||
| 003 | EG-ScBUE | ||
| 005 | 20200202114905.0 | ||
| 008 | 200202s2002 ua ab f b 100 0 ara d | ||
| 040 |
_aEG-ScBUE _bara _erda _cEG-ScBUE _dEG-ScBUE |
||
| 043 | _ama----- | ||
| 082 | 0 | 4 |
_a332.609174927 _bم ؤ ت _222 |
| 110 | 2 |
_aجامعة المنصورة. _bكلية التجارة. _bمؤتمر علمي. _bدوائر الحوار ومنتدى التجارب _n(18th : _d2002 : _cالقاهرة، جمهورية مصر العربية) _eمؤلف. |
|
| 245 | 1 | 2 |
_aالمؤتمر العلمي السنوي الثامن عشر الدولي : _bتطوير مناخ الاستثمار في الدول العربية في ظل التحديات المعاصرة / _cتحت رعاية السيد الأستاذ عمرو موسى، أمين عام جامعة الدول العربية، الأستاذ الدكتور مفيد شهاب، وزير التعليم العالي والدولة للبحث العلمي. |
| 264 | 1 |
_aالقاهرة : _bجامعة المنصورة، كلية التجارة، _c2002. |
|
| 300 |
_aمتعدد الترقيم : _bإيضاحيات، خرائط ؛ _c24 سم |
||
| 336 |
_2rdacontent _aنص _btxt |
||
| 337 |
_2rdamedia _aبدون وسيط _bn |
||
| 338 |
_2rdacarrier _aمجلد _bnc |
||
| 504 | _aيشتمل على إرجاعات ببليوجرافية. | ||
| 650 | 7 |
_aالاستثمار _zالبلدان العربية _vمؤتمرات. _2BUEsh |
|
| 653 |
_bGGEN _cJanuary2020 |
||
| 655 | _vReading book | ||
| 700 | 1 |
_aموسى، عمرو، _d1936- |
|
| 700 | 1 | _aشهاب، مفيد. | |
| 942 | _2ddc | ||